000
00265nam a2200097Ia 4500
001
647279
005
20250826153659.0
008
250824s9999 xx 000 0 und d
245
0
_a
SUMARNA 2 ÇALI SÜPÜRGESİ NİN SIRRI
_c
MEHMET BALTAOĞLU
260
_b
TİMAŞ ÇOCUK
999
_c
647279
_d
647279